000 00301nam a2200121Ia 4500
008 240731s9999 xx 000 0 und d
022 _a1558-0997
245 0 _aContemporary Chinese Thought
260 _bRoutledge
856 _uhttps://www.tandfonline.com/loi/mcsp20
942 _2ddc
942 _cTFEJ
999 _c76054
_d76054
945 _a1
_bMadushi Gamage
_c1
_dMadushi Gamage